Detalles MARC
| 000 -LEADER |
| campo de control de longitud fija |
01556nam a2200421 i 4500 |
| 001 - NÚMERO DE CONTROL |
| campo de control |
MOR01000099032 |
| 003 - IDENTIFICADOR DE NÚMERO DE CONTROL |
| campo de control |
$$amxdfmo |
| 005 - FECHA Y HORA DE LA ÚLTIMA TRANSACCIÓN |
| campo de control |
20260331150126.0 |
| 008 - DATOS DE LONGITUD FIJA--INFORMACIÓN GENERAL |
| campo de control de longitud fija |
140717s1984 mx abi g bi 000 0 spa d |
| 035 ## - NÚMERO DE CONTROL DEL SISTEMA |
| Número de control de sistema |
140990 |
| 040 ## - FUENTE DE CATALOGACIÓN |
| Centro catalogador/agencia de origen |
mxcmmo |
| Lengua de catalogación |
spa |
| Centro/agencia transcriptor |
mxcmmo |
| Normas de descripción |
rda |
| 041 0# - CÓDIGO DE IDIOMA |
| Código de lengua del texto/banda sonora o título independiente |
spa |
| 043 ## - CÓDIGO DE ÁREA GEOGRÁFICA |
| Código de área geográfica |
n-mx-pu |
| 082 04 - NÚMERO DE LA CLASIFICACIÓN DECIMAL DEWEY |
| Número de clasificación |
972.48 |
| Número de ítem |
SAN.z |
| 100 1# - ENTRADA PRINCIPAL--NOMBRE DE PERSONA |
| Nombre de persona |
Sánchez Flores, Ramón |
| Fechas asociadas al nombre |
1938- |
| Término indicativo de función/relación |
autor |
| 9 (RLIN) |
40759 |
| 245 10 - MENCIÓN DEL TÍTULO |
| Título |
Zacapoaxtla |
| Resto del título |
: república de indios y villa de españoles : relación histórica/ |
| Mención de responsabilidad, etc. |
Ramón Sánchez Flores ; presentación Andrés Henestrosa |
| 250 ## - MENCION DE EDICION |
| Mención de edición |
2a. edición |
| 264 #1 - PRODUCCIÓN, PUBLICACIÓN, DISTRIBUCIÓN, FABRICACIÓN Y COPYRIGHT |
| Producción, publicación, distribución, fabricación y copyright |
Zacapoaxtla, Puebla: |
| Nombre del de productor, editor, distribuidor, fabricante |
XIV Distrito Local Electoral, |
| Fecha de producción, publicación, distribución, fabricación o copyright |
1984 |
| 300 ## - DESCRIPCIÓN FÍSICA |
| Extensión |
281 páginas: |
| Otras características físicas |
escudo de armas, mapas, ilustraciones en blanco y negro; |
| Dimensiones |
21 cm |
| 336 ## - TIPO DE CONTENIDO |
| Término de tipo de contenido |
texto |
| Código de tipo de contenido |
txt |
| Fuente |
rdacontent |
| 337 ## - TIPO DE MEDIO |
| Nombre/término del tipo de medio |
sin medio |
| Código del tipo de medio |
n |
| Fuente |
rdamedia |
| 338 ## - TIPO DE SOPORTE |
| Nombre/término del tipo de soporte |
volumen |
| Código del tipo de soporte |
nc |
| Fuente |
rdacarrier |
| 561 0# - PROPIEDAD E HISTORIA DE CUSTODIA/NOTA DE PROCEDENCIA |
| Historial |
Fondo Gabriel Vargas |
| 651 #7 - PUNTO DE ACCESO ADICIONAL DE MATERIA--NOMBRE GEOGRÁFICO |
| Nombre geográfico |
Zacapoaxtla (Puebla) |
| Subdivisión general |
Descripcion |
| 9 (RLIN) |
21648 |
| 651 #7 - PUNTO DE ACCESO ADICIONAL DE MATERIA--NOMBRE GEOGRÁFICO |
| Nombre geográfico |
Zacapoaxtla (Puebla) |
| Subdivisión general |
Historia |
| 9 (RLIN) |
111536 |
| 700 1# - ENTRADA AGREGADA--NOMBRE PERSONAL |
| Nombre de persona |
Henestrosa, Andrés |
| Término indicativo de función/relación |
prologuista |
| Fechas asociadas al nombre |
1906-2008 |
| 9 (RLIN) |
3612 |
| 900 ## - ELEMENTOS DE DATOS A LOCAL, LDA (RLIN) |
| Nombre de persona |
DIAQUE |
| Numeración |
30 |
| Títulos y otros términos asociados al nombre |
20140908 |
| Lenguaje de la obra |
MOR01 |
| -- |
1541 |
| 900 ## - ELEMENTOS DE DATOS A LOCAL, LDA (RLIN) |
| Nombre de persona |
DIAQUE |
| Numeración |
30 |
| Títulos y otros términos asociados al nombre |
20140908 |
| Lenguaje de la obra |
MOR01 |
| -- |
1543 |
| 900 ## - ELEMENTOS DE DATOS A LOCAL, LDA (RLIN) |
| Nombre de persona |
DIAQUE |
| Numeración |
30 |
| Títulos y otros términos asociados al nombre |
20140908 |
| Lenguaje de la obra |
MOR01 |
| -- |
1620 |
| 900 ## - ELEMENTOS DE DATOS A LOCAL, LDA (RLIN) |
| Nombre de persona |
DIAQUE |
| Numeración |
30 |
| Títulos y otros términos asociados al nombre |
20140910 |
| Lenguaje de la obra |
MOR01 |
| -- |
1351 |
| 900 ## - ELEMENTOS DE DATOS A LOCAL, LDA (RLIN) |
| Nombre de persona |
KLASY |
| Numeración |
30 |
| Títulos y otros términos asociados al nombre |
20140918 |
| Lenguaje de la obra |
MOR01 |
| -- |
1126 |
| 900 ## - ELEMENTOS DE DATOS A LOCAL, LDA (RLIN) |
| Nombre de persona |
LUIS |
| Numeración |
02 |
| Títulos y otros términos asociados al nombre |
20140717 |
| Lenguaje de la obra |
MOR01 |
| -- |
1231 |
| 900 ## - ELEMENTOS DE DATOS A LOCAL, LDA (RLIN) |
| Nombre de persona |
LUIS |
| Numeración |
02 |
| Títulos y otros términos asociados al nombre |
20140717 |
| Lenguaje de la obra |
MOR01 |
| -- |
1231 |
| 900 ## - ELEMENTOS DE DATOS A LOCAL, LDA (RLIN) |
| Nombre de persona |
VOBO |
| Numeración |
40 |
| Títulos y otros términos asociados al nombre |
20140930 |
| Lenguaje de la obra |
MOR01 |
| -- |
1305 |
| 900 ## - ELEMENTOS DE DATOS A LOCAL, LDA (RLIN) |
| Nombre de persona |
VOBO |
| Numeración |
40 |
| Títulos y otros términos asociados al nombre |
20190627 |
| Lenguaje de la obra |
MOR01 |
| -- |
1212 |
| 904 ## - ELEMENTOS DE DATOS D LOCAL, LDD (RLIN) |
| a |
UPDATE |
| 942 ## - ELEMENTOS DE ENTRADA SECUNDARIOS (KOHA) |
| Código de la institución [OBSOLETO] |
BK |
| 901 ## - ELEMENTOS DE DATOS A LOCAL LDA (RLIN) |
| a |
batch batch |